00552nam a2200169Ia 450000500170000000800410001702000150005808200130007324500290008626000610011530000130017650000460018970000270023594200060026295200990026899900150036720250403052157.0240331s9999 xx 000 0 und d a9559161032 bSIRa894 0aSiripalapura mahaththiya aNugegodabSriLanka Environmental Journalists Forumc1994 a128 p ., aCollection of Short Stories On Population aWickremaratne,D. eedt cL 001040708LaWERCLbWERCLcSSCd2024-03-31l0o 894.811 SIRp3318r2024-03-31w2024-03-31yL c4200d4200